| 000 | 00592nam a22001697a 4500 | ||
|---|---|---|---|
| 999 |
_c15025 _d15025 |
||
| 003 | OSt | ||
| 082 | _2631.56 ABH/DE | ||
| 088 | _aP 116 | ||
| 100 |
_aABHILASH G. NAMBUDIRI _aGEETHA LEKSHMI _aLAKSHMI G _92362 |
||
| 245 | _aDesign, fabrication and testing of a multi - fruit grader | ||
| 260 |
_aTavanur 2001 _bKelappaji College of Agricultural Engineering and Technology |
||
| 300 | _a86 | ||
| 500 | _aDesign, fabrication and testing of a multi - fruit grader | ||
| 520 | _aDesign, fabrication and testing of a multi - fruit grader | ||
| 700 |
_aDr. Sudheer K. P (Guide) _92147 |
||
| 942 | _cPR | ||